Sito pre vyvolených

Komentár k zákonu o revitalizácii podnikov. Stanovisko Národnej banky Slovenska na zákon.

Salvato in:
Dettagli Bibliografici
Autore principale: Holub, M.
Natura: Capitolo di libro
Lingua:slovacco
Soggetti:
Tags: Aggiungi Tag
Nessun Tag, puoi essere il primo ad aggiungerne!!

MARC

LEADER 00000naa a2200000 4500
001 r025840
005 20251104123636.2
041 0 |a slo 
044 |a SK 
245 1 0 |a Sito pre vyvolených  |c M. Holub 
520 |a Komentár k zákonu o revitalizácii podnikov. Stanovisko Národnej banky Slovenska na zákon. 
610 2 0 |a zákony 
610 2 0 |a Slovensko 
610 2 0 |a 1997 
610 2 0 |a oživenie 
610 2 0 |a podnik 
610 2 0 |a komentáre 
100 1 |a Holub, M.